Can You Name Every Carpenters Song? - Statistics

General Stats
  • This quiz has been taken 19 times
  • The average score is 22 of 146
Answer Stats
Album Song Name % Correct
Close to You (They Long to Be) Close to You
92%
As Time Goes By Medley: Superstar/Rainy Days and Mondays
83%
Carpenters Rainy Days and Mondays
83%
Carpenters Superstar
75%
Ticket to Ride Ticket to Ride
75%
A Song for You Top of the World
75%
Now & Then Yesterday Once More
75%
Now & Then Yesterday Once More - Reprise
75%
A Song for You A Song For You
67%
A Song for You A Song For You - Reprise
67%
Horizon Please Mr. Postman
67%
Close to You We've Only Just Begun
67%
A Song for You Goodbye to Love
58%
A Song for You Hurting Each Other
58%
A Song for You I Won't Last a Day Without You
58%
Horizon Love Me for What I Am
50%
Horizon Only Yesterday
50%
Now & Then Sing
50%
Passage Calling Occupants of Interplanetary Craft
42%
Carpenters For All We Know
33%
Lovelines Lovelines
33%
Horizon Solitaire
33%
A Kind of Hush There's A Kind of Hush
33%
A Kind of Hush You
33%
Passage All You Get from Love Is a Love Song
25%
Horizon Aurora
25%
A Song for You Bless the Beasts and the Children
25%
Ticket to Ride Eve
25%
A Kind of Hush I Need to Be In Love
25%
Now & Then Jambalaya (On the Bayou)
25%
Passage Sweet, Sweet Smile
25%
Now & Then This Masquerade
25%
Made in America Touch Me When We're Dancing
25%
Close to You Baby It's You
17%
Made in America Because We Are in Love (The Wedding Song)
17%
Horizon Desperado
17%
Horizon Happy
17%
Horizon (I'm Caught Between) Goodbye and I Love You
17%
A Song for You Intermission
17%
A Song for You It's Going to Take Some Time
17%
Voice of the Heart Now
17%
A Song for You Road Ode
17%
As Time Goes By The Rainbow Connection
17%
Ticket to Ride All of My Life
8%
Carpenters Bacharach/David Medley
8%
Ticket to Ride Benediction
8%
A Kind of Hush Breaking Up Is Hard to Do
8%
Passage B'wana She No Home
8%
As Time Goes By California Dreamin'
8%
A Kind of Hush Can't Smile Without You
8%
As Time Goes By Carpenters/Como Medley
8%
As Time Goes By Dancing in the Street
8%
The Essential Collection | Ticket to Ride Don't Be Afraid
8%
Horizon Eventide
8%
A Kind of Hush Goofus
8%
Close to You Help
8%
As Time Goes By Hits Medley '76
8%
Horizon I Can Dream, Can't I?
8%
As Time Goes By I Got Rhythm Medley
8%
A Kind of Hush I Have You
8%
Passage I Just Fall In Love Again
8%
Close to You I'll Never Fall In Love Again
8%
The Essential Collection | Ticket to Ride Invocation
8%
As Time Goes By Karen/Ella Medley
8%
As Time Goes By Leave Yesterday Behind
8%
Carpenters Let Me Be the One
8%
Close to You Love Is Surrender
8%
Voice of the Heart Make Believe It's Your First Time
8%
Passage Man Smart Woman Smarter
8%
Close to You Maybe It's You
8%
Close to You Mr. Guder
8%
As Time Goes By Nowhere Man
8%
Passage On the Balcony of the Casa Rosada/Don't Cry for Me Argentina
8%
A Kind of Hush Sandy
8%
Now & Then The End of the World
8%
Made in America (Want You) Back in My Life Again
8%
Made in America When It's Gone (It's Just Gone)
8%
Lovelines Where Do I Go From Here
8%
As Time Goes By Without A Song
8%
As Time Goes By You're Just in Love
8%
The Essential Collection | Ticket to Ride All I Can Do
0%
As Time Goes By And When He Smiles
0%
Close to You Another Song
0%
Carpenters (A Place To) Hide Away
0%
Voice of the Heart At the End of a Song
0%
Made in America Beechwood 4-5789
0%
A Kind of Hush Boat to Sail
0%
The Essential Collection Caravan
0%
Close to You Crescent Noon
0%
A Song for You Crystal Lullaby
0%
Now & Then Da Doo Ron Ron
0%
Now & Then Dead Man's Curve
0%
As Time Goes By Dizzy Fingers
0%
Carpenters Druscilla Penny
0%
A Song for You Flat Baroque
0%
Now & Then Fun, Fun, Fun
0%
Ticket to Ride Get Together
0%
Now & Then Heather
0%
Lovelines Honolulu City Lights
0%
Made in America I Believe You
0%
Now & Then I Can't Make Music
0%
The Essential Collection Iced Tea
0%
Lovelines If I Had You
0%
Lovelines If We Try
0%
Close to You I Kept On Loving You
0%
Now & Then Johnny Angel
0%
Lovelines Kiss Me the Way You Did Last Night
0%
Lovelines Little Girl Blue
0%
Voice of the Heart Look to Your Dreams
0%
As Time Goes By Medley: Close Encounters/Star Wars
0%
Ticket to Ride Nowadays Clancy Can't Even Sing
0%
Now & Then One Fine Day
0%
Carpenters One Love
0%
A Kind of Hush One More Time
0%
Voice of the Heart Ordinary Fool
0%
Now & Then Our Day Will Come
0%
A Song for You Piano Picker
0%
Voice of the Heart Prime Time Love
0%
Close to You Reason to Believe
0%
Lovelines Remember When Lovin' Took All Night
0%
Voice of the Heart Sailing On the Tide
0%
Carpenters Saturday
0%
Lovelines Slow Dance
0%
Made in America Somebody's Been Lyin'
0%
Ticket to Ride Someday
0%
Carpenters Sometimes
0%
Made in America Strength of a Woman
0%
Now & Then The Night Has a Thousand
0%
The Essential Collection The Parting of Our Ways
0%
Lovelines The Uninvited Guest
0%
Made in America Those Good Old Dreams
0%
Ticket to Ride Turn Away
0%
Voice of the Heart Two Lives
0%
Passage Two Sides
0%
Ticket to Ride What's the Use
0%
Lovelines When I Fall in Love
0%
Made in America When You've Got What It Takes
0%
The Essential Collection You'll Love Me
0%
Voice of the Heart Your Baby Doesn't Love You Anymore
0%
Voice of the Heart You're Enough
0%
Lovelines You're the One
0%
Ticket to Ride Your Wonderful Parade
0%
The Essential Collection Your Wonderful Paradise
0%
No matching quizzes found
Score Distribution
Percent of People with Each Score
Percentile by Number Answered
Your Score History
You have not taken this quiz